Groups of homotopy classes

Guardat en:
Dades bibliogràfiques
Autors principals: Arkowitz, M (Autor), Curjel, C. R (Autor)
Format: Llibre
Idioma:anglès
Publicat: Berlín Springer-Verlag 1967
Edició:2a. ed
Col·lecció:Lecture Notes in Mathematics, 4
Matèries:
Etiquetes: Afegir etiqueta
Sense etiquetes, Sigues el primer a etiquetar aquest registre!

MARC

LEADER 00000nam a2200000 a 4500
001 UCQ9166
003 CL-VaPUC
008 981230e19670000GW |||||||||||||||||eng|d
082 0 4 |a 516.35  |b ARK  |2 21 
100 0 |a Arkowitz, M  |e author  |9 423608 
700 0 |a Curjel, C. R  |e author  |9 423609 
245 1 0 |a Groups of homotopy classes 
250 |a 2a. ed 
300 |a 35 p 
942 |c BK 
945 |d 19981230 00:00:00  |a crobeson 
260 |a Berlín  |b Springer-Verlag  |c 1967 
650 0 |a Geometría algebraica  |9 270327 
650 7 |a HOMOTOPIA  |2 CL-VaPUC  |9 423610 
650 0 |a Geometría analítica   |9 260062 
650 7 |a GRUPOS ABELIANOS  |2 CL-VaPUC  |9 270300 
650 0 |a Teoría de grupos   |9 270028 
583 |a last modification  |c 19981230 00:00:00  |k Rodrigo Vera 
490 0 |a Lecture Notes in Mathematics, 4 
999 |c 278256  |d 278254 
952 |0 0  |1 0  |4 0  |6 516_350000000000000_ARK_1967  |7 0  |8 A  |9 316716  |a BIBMAT  |b BIBMAT  |d 2019-11-20  |i 1312758  |o 516.35 ARK 1967  |p 1312758  |r 2025-01-07  |w 2019-11-20  |y BK  |k MAT